Catálogo
 En Linea

Introducción a la mística española / (Registro nro. 15532)

Detalles MARC
000 -CABECERA
campo de control de longitud fija 00797cam a2200265 a 4500
001 - NÚMERO DE CONTROL
campo de control 000015990
005 - FECHA Y HORA DE LA ÚLTIMA TRANSACCIÓN
campo de control 20200929164228.0
008 - DATOS DE LONGITUD FIJA--INFORMACIÓN GENERAL
campo de control de longitud fija 741108s1974 sp b 001 0 spa d
015 ## - NÚMERO DE BIBLIOGRAFÍA NACIONAL
Número de bibliografía nacional Sp***
020 ## - NÚMERO INTERNACIONAL ESTÁNDAR DEL LIBRO
Número Internacional Estándar del Libro 8437600073
035 ## - NÚMERO DE CONTROL DEL SISTEMA
Número de control de sistema (OCoLC)1070125
040 ## - FUENTE DE LA CATALOGACIÓN
Centro catalogador/agencia de origen DO-SdBNP
Centro/agencia transcriptor NRU
Centro/agencia modificador OCoLC
-- DLC
042 ## - CÓDIGO DE AUTENTICACIÓN
Código de autenticación premarc
082 ## - NÚMERO DE LA CLASIFICACIÓN DECIMAL DEWEY
Número de clasificación 189.5
Número de documento/Ítem C572i
049 ## - FONDOS LOCALES (OCLC)
Fondos de biblioteca BNGR
100 1# - ENTRADA PRINCIPAL--NOMBRE DE PERSONA
Nombre de persona Cilveti, Ángel L.
9 (RLIN) 35924
245 10 - MENCIÓN DE TÍTULO
Título Introducción a la mística española /
Mención de responsabilidad, etc. Ángel L. Cilveti.
260 ## - PUBLICACIÓN, DISTRIBUCIÓN, ETC.
Lugar de publicación, distribución, etc. Madrid :
Nombre del editor, distribuidor, etc. Cátedra,
Fecha de publicación, distribución, etc. 1974.
300 ## - DESCRIPCIÓN FÍSICA
Extensión 239 p. ;
Dimensiones 21 cm.
504 ## - NOTA DE BIBLIOGRAFÍA, ETC.
Nota de bibliografía, etc. Incluye referencias bibliográficas (p. 235-236).
650 #4 - PUNTO DE ACCESO ADICIONAL DE MATERIA--TÉRMINO DE MATERIA
Término de materia o nombre geográfico como elemento de entrada Misticismo
Subdivisión geográfica España
9 (RLIN) 35925
650 #4 - PUNTO DE ACCESO ADICIONAL DE MATERIA--TÉRMINO DE MATERIA
Término de materia o nombre geográfico como elemento de entrada Misticismo
Subdivisión general Edad media
9 (RLIN) 35926
650 #4 - PUNTO DE ACCESO ADICIONAL DE MATERIA--TÉRMINO DE MATERIA
Término de materia o nombre geográfico como elemento de entrada Misticismo
Subdivisión general Edad moderna
9 (RLIN) 35927
910 ## - DATOS DE OPCIÓN DEL USUARIO (OCLC)
Datos de opción del usuario Catalogación por copia / LC
Existencias
Estado de retiro Estado de pérdida Restricciones de uso No para préstamo Código de colección Localización permanente Ubicación/localización actual Ubicación en estantería Fecha de adquisición Número de inventario Total de préstamos Signatura topográfica completa Código de barras Fecha visto por última vez Precio válido a partir de Tipo de ítem Koha
    Préstamo interno   Monografías: Libros y Folletos General General En catalogación 22.02.2010 LF1   189.5 C572i 15990-10 25.06.2020 25.06.2020 Préstamo interno

Con tecnología Koha